| 000 | 00497cam a2200205ua 4500 | ||
|---|---|---|---|
| 001 | 1836 | ||
| 005 | 20260515113415.0 | ||
| 008 | 110811n ii |||gr||||Z||||||asm | ||
| 020 | _a81-85905-18-5 | ||
| 040 | _cMAIN | ||
| 082 | _a370.54 | ||
| 100 | _aDevi, Renu., | ||
| 245 | 1 |
_aBharatar sikshar itihas. _cBy Renu Devi. |
|
| 250 | _a1st. | ||
| 260 |
_aGowahati: _bStudents store.,996. |
||
| 300 |
_a207 p.: _c23 cm. |
||
| 653 | _aEducation. | ||
| 653 | _aBharatar sikshar itihas. | ||
| 942 | _cBK | ||
| 999 |
_c1718 _d1718 |
||